<?xml version="1.0" encoding="UTF-8"?>
<collection xmlns="http://www.loc.gov/MARC21/slim">
 <record>
  <leader>00970pamaa2200253   4500</leader>
  <controlfield tag="001">0000052089</controlfield>
  <controlfield tag="005">20140116090000.0</controlfield>
  <controlfield tag="008">140116s1999                             eng  </controlfield>
  <datafield tag="020" ind1="0" ind2="0">
   <subfield code="a">0767903579 (pbk.) </subfield>
  </datafield>
  <datafield tag="090" ind1="0" ind2="0">
   <subfield code="a">CT275.M45115 </subfield>
   <subfield code="b">MAH 1999</subfield>
  </datafield>
  <datafield tag="100" ind1="1" ind2="0">
   <subfield code="a">Mah </subfield>
  </datafield>
  <datafield tag="240" ind1="0" ind2="0">
   <subfield code="a">Falling leaves return to their roots</subfield>
  </datafield>
  <datafield tag="245" ind1="1" ind2="0">
   <subfield code="a">Falling leaves : </subfield>
   <subfield code="b">the true story of an unwanted Chinese daughter  </subfield>
   <subfield code="c">Adeline Yen Mah.</subfield>
  </datafield>
  <datafield tag="250" ind1="0" ind2="0">
   <subfield code="a">1st / </subfield>
   <subfield code="c">Broadway Books trade pbk. ed.</subfield>
  </datafield>
  <datafield tag="260" ind1="0" ind2="0">
   <subfield code="a">New York: </subfield>
   <subfield code="b">Broadway Books, </subfield>
   <subfield code="c">1999.</subfield>
  </datafield>
  <datafield tag="300" ind1=" " ind2=" ">
   <subfield code="a">ix, 278 p.: </subfield>
   <subfield code="b">ill.; </subfield>
   <subfield code="c">21 cm.</subfield>
  </datafield>
  <datafield tag="500" ind1="0" ind2="0">
   <subfield code="a">Originally published: Falling leaves return to their roots. London : M. Joseph, c1997</subfield>
  </datafield>
  <datafield tag="501" ind1="0" ind2="0">
   <subfield code="a">Library</subfield>
  </datafield>
  <datafield tag="600" ind1="0" ind2="0">
   <subfield code="a">Mah, </subfield>
   <subfield code="h">Adeline Yen</subfield>
  </datafield>
  <datafield tag="650" ind1="0" ind2="0">
   <subfield code="a">China -- </subfield>
   <subfield code="x">Social life and customs </subfield>
  </datafield>
  <datafield tag="650" ind1="0" ind2="0">
   <subfield code="a">Chinese Americans -- </subfield>
   <subfield code="x">Biography -- </subfield>
   <subfield code="z">California </subfield>
  </datafield>
  <datafield tag="650" ind1="0" ind2="0">
   <subfield code="a">Women physicians -- </subfield>
   <subfield code="x">Biography -- </subfield>
   <subfield code="z">California </subfield>
  </datafield>
  <datafield tag="650" ind1="0" ind2="0">
   <subfield code="a">California -- </subfield>
   <subfield code="x">Biography </subfield>
  </datafield>
  <datafield tag="901" ind1=" " ind2=" ">
   <subfield code="u">http://www.broadwaybooks.com</subfield>
  </datafield>
 </record>
</collection>
